Localidades de Bogotá - Estadísticas

Estadísticas generales
  • Esta prueba ha sido intentada 1.408 veces
  • La puntuación promedio es 14 de 20
Respuestas en el mapa
Las respuestas están codificadas por una escala verde-roja en el mapa de la prueba según el % correcto abajo.
 
Estadísticas de respuestas
Respuesta % Correcto
Suba
89%
Kennedy
87%
Bosa
85%
Usaquén
83%
Chapinero
81%
Usme
78%
Fontibón
77%
Ciudad Bolívar
74%
Engativá
74%
Sumapaz
70%
La Candelaria
68%
Santa Fe
66%
Barrios Unidos
63%
Teusaquillo
61%
San Cristobal
56%
Rafael Uribe Uribe
55%
Puente Aranda
53%
Tunjuelito
50%
Los Mártires
49%
Antonio Nariño
41%
No se encontraron pruebas coincidentes
Distribución de puntuación
Porcentaje de gente con cada puntuación
Porcentaje por número respondido
Historial de tus puntuaciones
No has intentado esta prueba.